Nightmare and network (Record no. 87784)

MARC details
000 -LEADER
fixed length control field 00345nam a2200145Ia 4500
008 - FIXED-LENGTH DATA ELEMENTS--GENERAL INFORMATION
fixed length control field 230917s9999||||xx |||||||||||||| ||und||
040 ## - CATALOGING SOURCE
-- 53969
Original cataloging agency VIVEKANANDA LIBRARY
041 ## - Language
-- English
082 ## - DDC NUMBER
Classification number 181.4 S79N
100 ## - MAIN ENTRY--PERSONAL NAME
Personal name Sastry, Srinivasa
245 #0 - TITLE STATEMENT
Title Nightmare and network
260 ## - PUBLICATION, DISTRIBUTION, ETC. (IMPRINT)
Place of publication, distribution, etc Stanford
Name of publisher, distributor, etc Yuganta
Date of publication, distribution, etc 1996
300 ## - PHYSICAL DESCRIPTION
Pages xi, 118 p.
942 ## - ADDED ENTRY ELEMENTS (KOHA)
Koha item type Books
Holdings
Withdrawn status Lost status Damaged status Not for loan Location (home branch) Sublocation or collection (holding branch) Date acquired Koha issues (times borrowed) Koha full call number Accession No. Koha date last seen Koha item type
        VIVEKANANDA LIBRARY VIVEKANANDA LIBRARY 18/12/2002   181.4 S79N 168035 17/09/2023 Books
© Designed and Maintained by Vivekananda Library, MDU Rohtak